Cleopatra
সংরক্ষণ করুন:
| প্রধান লেখক: | |
|---|---|
| বিন্যাস: | গ্রন্থ |
| ভাষা: | স্প্যানিশ |
| প্রকাশিত: |
Barcelona
Herder
2007
|
| বিষয়গুলি: | |
| ট্যাগগুলো: |
ট্যাগ যুক্ত করুন
কোনো ট্যাগ নেই, প্রথমজন হিসাবে ট্যাগ করুন!
|
MARC
| LEADER | 00000nam a2200000 a 4500 | ||
|---|---|---|---|
| 001 | UCI7902 | ||
| 003 | CL-VaPUC | ||
| 005 | 20221022074035.0 | ||
| 008 | 080731e20070000SP |||||||||||||||||spa|d | ||
| 999 | |c 331031 |d 331029 | ||
| 020 | |a 9788425425202 | ||
| 040 | |c Pontificia Universidad Católica de Valparaíso | ||
| 082 | 0 | 4 | |a 923.1 |b SCH |2 21 |
| 100 | 0 | |a Schäfer, Christoph |e author |9 531304 | |
| 245 | 1 | 0 | |a Cleopatra |
| 260 | |a Barcelona |b Herder |c 2007 | ||
| 300 | |a 381 p | ||
| 583 | |a last modification |c 20080731 00:00:00 |k Rodrigo Vera | ||
| 600 | 0 | |a Cleopatra |9 352620 | |
| 600 | 0 | 7 | |a MARCO ANTONIO |2 CL-VaPUC |9 347170 |
| 600 | 0 | 7 | |a Julio César |d 100 A.C.-44 A.C. |9 858621 |
| 650 | 0 | |a Biografías |9 255210 | |
| 650 | 7 | |a HISTORIA DE EGIPTO |2 CL-VaPUC |9 445426 | |
| 650 | 0 | |a Historia antigua |9 267521 | |
| 651 | 0 | |a Egipto |9 268199 | |
| 651 | 0 | |a Roma |9 255106 | |
| 852 | |a BIBCUR | ||
| 942 | |c BK |2 ddc | ||
| 945 | |d 20080731 00:00:00 |a rbrito | ||
| 952 | |0 0 |1 0 |4 0 |6 923_100000000000000_SCH_2007 |7 0 |8 A |9 417128 |a BIBHIS |b BIBHIS |d 2019-11-22 |i 446804K |o 923.1 SCH 2007 |p 446804K |r 2025-01-20 |w 2019-11-22 |y BK |k HIS | ||